000 00440nam a2200169Ia 4500
999 _c5345
_d5345
008 200103s 1981 ||||xx |||||||||||||| ||und||
082 _a623.8171
_bSUB
100 _aSubramaniam, H.
245 0 _aShip stability 1
260 _bVijaya Publications
_c1981
_aMumbai
300 _a160 p.: ill.
440 _aNutshell Series Book 4
650 _aWater pressure
650 _aFlotation
650 _aCentre of gravity
942 _cBK